| 000 | 00679nam a2200253Ia 4500 | ||
|---|---|---|---|
| 003 | OSt | ||
| 005 | 20220912150437.0 | ||
| 006 | a|||||r|||| 00| 0 | ||
| 007 | ta | ||
| 008 | 220909b |||||||| |||| 00| 0 eng d | ||
| 024 | _a36596 | ||
| 037 | _cTextual | ||
| 040 |
_aCSL _beng _cCSL |
||
| 041 | _aeng | ||
| 082 | _aD65,8(B)92:(P:4), M7 | ||
| 100 | _aAllen J | ||
| 245 | 0 | _aNatural language understanding | |
| 260 |
_aCalifornia _bBenjamin _c1987 |
||
| 300 | _axv, 574p | ||
| 490 | _aBenjamin/Cummings series in computer science | ||
| 650 | _acomputer science | ||
| 942 |
_hD65,8(B)92:(P:4), M7 _cTEXL _2CC |
||
| 999 |
_c47422 _d47422 |
||